01818 2200205 4500001002100000005001500021035002000036245009900056100002300155250001100178300003100189700002100220700001400241260005000255082001100305084001700316020002200333600004400355505121300399INLIS00000000000203820251222103613 a0010-12250000031 a100 Eksperimen Seru Pertamaku Berbasis STEAM /cAisyah W. Wardani, Sulistiyo Wibowo, Eko Utoro0 aAisyah W. Wardani, aCet. 1 a224 :bilus. ;c17 x 24 cm0 aSulistiyo Wibowo0 aEko Utoro aSurakarta, Jawa Tengah :bVisi Mandiri,c2025 a001.43 a001.43 AIS s a978-623-6726-30-3 4aEksperimen Anak, Teknologi, Matematika aDeskripsi Produk 100 Eksperimen Seru Pertamaku Berbasis STEAM adalah panduan seru dan edukatif yang mengajak anak-anak menjelajahi dunia sains, teknologi, teknik, seni, dan matematika melalui eksperimen sederhana dan menyenangkan. Dengan 100 eksperimen menarik, buku ini membantu menumbuhkan rasa ingin tahu, kreativitas, serta keberanian mencoba sejak usia dini. Setiap eksperimen disusun dengan cerita pengantar yang menarik, alat dan bahan yang mudah ditemukan di sekitar, langkah kerja yang jelas, serta kesimpulan dan penjelasan ilmiah yang mudah dipahami. Ilustrasi yang menarik dengan tokoh anak-anak yang aktif menjadikan proses belajar sangat menyenangkan. Buku ini juga mendorong kegiatan eksplorasi bersama orang tua, sehingga memperkuat interaksi dan semangat belajar anak. Kelebihan lain dari buku ini adalah keberagaman eksperimen dari berbagai aspek kehidupan sehari-hari, mulai makanan hingga seni, dari listrik hingga lingkungan. Dilengkapi dengan video tutorial eksperimen, buku ini tidak hanya menghibur, tetapi juga membekali anak dengan dasar berpikir kritis dan problem solving. Cocok untuk anak usia sekolah dasar yang aktif, penasaran, dan siap menjadi ilmuwan kecil masa depan.